000 00723nam a2200229Ii 4500
003 JO-AjNU
008 230605s9999||||xx |||||||||||||| ||und||
017 _a2008/3/854
020 _a9957-07-576-7
040 _aJO-AjNU
_bara
_erda
_cJO-AjNU
041 _aara
050 1 4 _aHD62.15.H3322.2009
100 3 _aالحداد،عواطف ابراهيم,
_eauthor
_929186
245 0 0 _aادارة الجودة الشاملة
250 _aط1
264 3 1 _aعمان:دار الفكر ناشرون وموزعون،2009
300 _a267ص
336 _atext
_btxt
_2rdacontent
337 _aunmediated
_bn
_2rdamedia
338 _avolume
_bnc
_2rdacarrier
650 4 _aادارة الانتاج-ضبط الجودة
_929187
999 _aA11414
_c14982
_d14982